logo

Bir Sreshtho Munshi Abdur Rouf Library
Jhenaidah Cadet College

ইতিহাসের প্রেক্ষাপটে: (Record no. 11629)

MARC details
000 -LEADER
fixed length control field 00775nam a2200241 a 4500
001 - CONTROL NUMBER
JCCL Control Number 11629
003 - CONTROL NUMBER IDENTIFIER
JCCL marc code BD-JhCC
005 - DATE AND TIME OF LATEST TRANSACTION
control field 20200712102715.0
008 - FIXED-LENGTH DATA ELEMENTS--GENERAL INFORMATION
fixed length control field 200712b2020 bg |||| ||a| 000 0 mul d
020 ## - INTERNATIONAL STANDARD BOOK NUMBER
International Standard Book Number 9789845100359
035 ## - SYSTEM CONTROL NUMBER
system control number (BD-JhCC)11629
040 ## - CATALOGING SOURCE
Original cataloging agency BD-JhCC
Modifying agency BD-JhCC
041 ## - LANGUAGE CODE
Language code of Book mul
082 ## - DEWEY DECIMAL CLASSIFICATION NUMBER
Classification number 335.009
Author mark and Year SAH 2020
100 ## - MAIN ENTRY--PERSONAL NAME
Personal name সাহা, সনৎকুমার
245 ## - TITLE STATEMENT
Title ইতিহাসের প্রেক্ষাপটে:
Remainder of title রেনেসাঁ থেকে সমাজতন্ত্র /
Statement of responsibility, etc সনৎকুমার সাহা ।
260 ## - PUBLICATION, DISTRIBUTION, ETC. (IMPRINT)
Place of publication, distribution, etc ঢাকা:
Name of publisher, distributor, etc কথাপ্রকাশ;
Date of publication, distribution, etc ২০২০.
300 ## - PHYSICAL DESCRIPTION
Pagination 221 p. :
Dimensions 22 cm.
650 ## - SUBJECT ADDED ENTRY--TOPICAL TERM
Topical term or geographic name as entry element Socialism
650 ## - SUBJECT ADDED ENTRY--TOPICAL TERM
Topical term or geographic name as entry element Ranascence
942 ## - ADDED ENTRY ELEMENTS (KOHA)
Source of classification or shelving scheme Dewey Decimal Classification
Koha item type Books
Holdings
Source of classification or shelving scheme Damaged status Not for loan Home library Current library Shelving location Date of accession Cost, normal purchase price Total Checkouts Full call number Barcode Date last seen Copy number Koha item type
Dewey Decimal Classification     JCC Rouf Library JCC Rouf Library General Stacks 07/12/2020 262.00   335.009 SAH 2020 15873 07/12/2020 C-1 Books

JCC Library | Contacts | JCC Home

Last Update on 23 September 2017
Copyright @ 2017-2020 JCC Rouf Library
Rouf Library, Jhenidah Cadet College (JCC), Bangladesh